Richard Wagner: i Maestri Cantori. guida attraverso la commedia e la musica

Guardat en:
Dades bibliogràfiques
Autor principal: Ciampelli, G. M (Autor)
Format: Llibre
Idioma:italià
Publicat: Milán Presso Bottega di poesia 1924
Matèries:
Etiquetes: Afegir etiqueta
Sense etiquetes, Sigues el primer a etiquetar aquest registre!

MARC

LEADER 00000nam a2200000 a 4500
001 UCW2462
003 CL-VaPUC
008 901003e19240000IT |||||||||||||||||ita|d
082 0 4 |a 782.1092  |b CIA  |2 21 
100 0 |a Ciampelli, G. M  |e author  |9 306621 
245 1 0 |a Richard Wagner: i Maestri Cantori. guida attraverso la commedia e la musica 
300 |a 119 p 
942 |c BK 
945 |d 19901003 00:00:00 
260 |a Milán  |b Presso Bottega di poesia  |c 1924 
600 0 |a Wagner, Wilhelm Richard  |9 265759 
650 7 |a OPERAS  |2 CL-VaPUC  |9 306368 
650 0 |a Análisis musical  |9 267228 
650 0 |a Argumentos   |9 306369 
583 |a last modification  |c 19901003 00:00:00  |k Rodrigo Vera 
999 |c 217011  |d 217009 
952 |0 0  |1 0  |4 0  |6 782_109200000000000_CIA_1924  |7 0  |8 A  |9 203493  |a BIBEDU  |b BIBEDU  |d 2019-11-15  |i 2707160  |o 782.1092 CIA 1924  |p 2707160  |r 2022-01-17  |w 2019-11-15  |y BK  |k MUS